<?xml version="1.0" encoding="UTF-8"?>
<marc:record xmlns:marc="http://www.loc.gov/MARC21/slim">
   <marc:leader>00000nam a2200000 a 4500</marc:leader>
   <marc:datafield ind1="1" ind2=" " tag="100">
      <marc:subfield code="a">Morello, Katharina</marc:subfield>
      <marc:subfield code="4">ctb</marc:subfield>
      <marc:subfield code="e">Mitwirkende/-r</marc:subfield>
   </marc:datafield>
   <marc:datafield ind1="1" ind2=" " tag="100">
      <marc:subfield code="a">Pieper, Christiane</marc:subfield>
      <marc:subfield code="4">ctb</marc:subfield>
      <marc:subfield code="e">Mitwirkende/-r</marc:subfield>
   </marc:datafield>
   <marc:datafield ind1=" " ind2=" " tag="653">
      <marc:subfield code="a">Softcover / Kinder- und Jugendbücher/Erzählerische Bilderbücher</marc:subfield>
   </marc:datafield>
   <marc:datafield ind1=" " ind2=" " tag="653">
      <marc:subfield code="a">Erzählerische Bilderbücher</marc:subfield>
   </marc:datafield>
   <marc:datafield ind1="0" ind2="0" tag="245">
      <marc:subfield code="a">Der Prinz im Gurkenglas</marc:subfield>
   </marc:datafield>
   <marc:datafield ind1="0" ind2="0" tag="245">
      <marc:subfield code="b">eine Geschichte</marc:subfield>
   </marc:datafield>
   <marc:datafield ind1="0" ind2="0" tag="245">
      <marc:subfield code="c">von Katharina Morello. Mit Bildern von Christiane Pieper</marc:subfield>
   </marc:datafield>
   <marc:datafield ind1=" " ind2="1" tag="264">
      <marc:subfield code="a">Wuppertal</marc:subfield>
      <marc:subfield code="b">Hammer</marc:subfield>
      <marc:subfield code="c">2014</marc:subfield>
   </marc:datafield>
   <marc:datafield ind1="1" ind2=" " tag="520">
      <marc:subfield code="a">Angaben aus der Verlagsmeldung

Der Prinz im Gurkenglas / von Katharina Morello

König Sigismund war schwerhörig, kurzsichtig und schrecklich eitel. Seine
Zofen und Ratsherren sagten und machten, was sie wollten, der König
kümmerte sich um sich selbst. Nur der kleine Prinz war traurig, weil Sigismund
ihm nie zuhörte. Als aus dem kleinen Prinz ein großer Prinz geworden
war, passierte es, dass er beim Spazieren im Park in ein morastiges Loch fiel
und nicht mehr herauskam. Der König ritt vorbei, hörte auch das Rufen, verstand
aber – wie immer – alles falsch. So hielt er den Prinzen für einen Frosch
und setzte ihn in ein Gurkenglas, wo er ihm fortan als Wetterfrosch dienen
sollte.
Weil er als Frosch kläglich versagte, wäre der Prinz fast zurück ins Loch
geworfen worden, doch war er endlich klug genug, die Schwächen seines
Vaters für sich zu nutzen. Mit einem Trick entkam er dem Gurkenglas,
dem Morast und dem ganzen selbstverliebten Hofstaat und fand ein freies,
sonniges Leben!
Der Prinz im Gurkenglas ist auf den ersten Blick ein munteres, farben-
frohes Tableau mit jeder Menge Bildwitz und allen Märchen-Zutaten. Wer
genauer schaut, findet noch mehr: eine hintersinnige Vater-Sohn-Geschichte
um Erwartungen und Enttäuschung, Selbstgefälligkeit und den großen
Befreiungsschlag im letzten Moment.
</marc:subfield>
   </marc:datafield>
   <marc:datafield ind1=" " ind2=" " tag="020">
      <marc:subfield code="a">9783779504955</marc:subfield>
      <marc:subfield code="9">9783779504955</marc:subfield>
   </marc:datafield>
   <marc:datafield ind1=" " ind2=" " tag="041">
      <marc:subfield code="a">ger</marc:subfield>
   </marc:datafield>
   <marc:datafield ind1=" " ind2=" " tag="300">
      <marc:subfield code="a">28 S.</marc:subfield>
   </marc:datafield>
</marc:record>
